000 00673nam a2200241Ia 4500
003 OSt
005 20221007063543.0
006 a|||||r|||| 00| 0
007 ta
008 221006b |||||||| |||| 00| 0 eng d
024 _a25,983
037 _cReports / Technical Reports
040 _aFLL
_cFLL
_beng
041 _2eng
_aeng
082 _aXM25:Z2qN12, G0
110 _aGovt. of India
245 0 _aCo-operative societies act,1912
260 _aCalcutta
_bCentral Publication Branch India
_c1930
300 _a17p
_ccm.
700 _aGovt. of India
942 _hXM25:Z2qN12, G0
_cREP
_2CC
999 _c1131518
_d1131518